[Event "DEM U10 2024"]
[Site "Willingen GER"]
[Date "2024.05.21"]
[Round "5"]
[White "Zargaran, Sepas"]
[Black "Gusev, Daniil"]
[Result "0-1"]
[Termination "normal"]
[Board "1"]
[WhiteElo "1810"]
[BlackElo "1740"]
[WhiteClock "00:12:24"]
[BlackClock "00:12:29"]
[PlyCount "64"]
[WhiteFideId "34625275"]
[BlackFideId "55683886"]
[EventCountry "GER"]
[EventRounds "11"]
[EventType "swiss"]
[EventDate "2024.05.18"]

1. e4 {[%clk 01:15:55]} {[%emt 00:00:05]} c5 {[%clk 01:15:49]} {[%emt
00:00:11]} 2. Nf3 {[%clk 01:16:16]} {[%emt 00:00:08]} e6 {[%clk 01:16:13]}
{[%emt 00:00:07]} 3. d4 {[%clk 01:16:39]} {[%emt 00:00:07]} cxd4 {[%clk
01:16:38]} {[%emt 00:00:05]} 4. Nxd4 {[%clk 01:17:03]} {[%emt 00:00:07]} a6
{[%clk 01:17:05]} {[%emt 00:00:04]} 5. Nc3 {[%clk 01:17:23]} {[%emt 00:00:10]}
Qc7 {[%clk 01:17:30]} {[%emt 00:00:04]} 6. Qf3 {[%clk 01:17:24]} {[%emt
00:00:28]} Nc6 {[%clk 01:16:48]} {[%emt 00:01:13]} 7. Nxc6 {[%clk 01:17:46]}
{[%emt 00:00:08]} bxc6 {[%clk 01:17:06]} {[%emt 00:00:12]} 8. Qg3 {[%clk
01:17:50]} {[%emt 00:00:26]} Qxg3 {[%clk 01:13:37]} {[%emt 00:03:58]} 9. hxg3
{[%clk 01:18:13]} {[%emt 00:00:07]} d5 {[%clk 01:12:40]} {[%emt 00:01:27]} 10.
g4 {[%clk 01:18:32]} {[%emt 00:00:11]} Bd6 {[%clk 01:04:18]} {[%emt 00:08:52]}
11. Bd3 {[%clk 01:12:52]} {[%emt 00:06:10]} Ne7 {[%clk 00:57:24]} {[%emt
00:07:24]} 12. f4 {[%clk 01:04:32]} {[%emt 00:08:50]} c5 {[%clk 00:50:35]}
{[%emt 00:07:19]} 13. e5 {[%clk 01:03:16]} {[%emt 00:01:46]} Bc7 {[%clk
00:50:00]} {[%emt 00:01:05]} 14. b3 {[%clk 01:03:03]} {[%emt 00:00:42]} Bd7
{[%clk 00:48:43]} {[%emt 00:01:47]} 15. Bd2 {[%clk 00:59:45]} {[%emt 00:03:48]}
g6 {[%clk 00:46:34]} {[%emt 00:02:39]} 16. O-O-O {[%clk 00:52:46]} {[%emt
00:07:28]} Nc6 {[%clk 00:42:38]} {[%emt 00:04:26]} 17. Rh6 {[%clk 00:44:30]}
{[%emt 00:08:41]} Nd4 {[%clk 00:26:39]} {[%emt 00:16:35]} 18. Rdh1 {[%clk
00:38:45]} {[%emt 00:06:11]} Kf8 {[%clk 00:22:42]} {[%emt 00:04:30]} 19. Rxh7
{[%clk 00:38:20]} {[%emt 00:00:56]} Rxh7 {[%clk 00:15:44]} {[%emt 00:07:28]}
20. Rxh7 {[%clk 00:38:35]} {[%emt 00:00:14]} Kg8 {[%clk 00:14:54]} {[%emt
00:01:20]} 21. Bxg6 {[%clk 00:33:26]} {[%emt 00:05:39]} Ba5 {[%clk 00:15:07]}
{[%emt 00:00:17]} 22. Bd3 {[%clk 00:32:36]} {[%emt 00:01:20]} Bb5 {[%clk
00:11:54]} {[%emt 00:03:44]} 23. Nxb5 {[%clk 00:26:17]} {[%emt 00:06:49]} Bxd2+
{[%clk 00:12:02]} {[%emt 00:00:22]} 24. Kxd2 {[%clk 00:26:27]} {[%emt
00:00:20]} axb5 {[%clk 00:12:28]} {[%emt 00:00:04]} 25. Rh1 {[%clk 00:15:03]}
{[%emt 00:11:51]} Rxa2 {[%clk 00:12:10]} {[%emt 00:00:51]} 26. Rc1 {[%clk
00:11:35]} {[%emt 00:03:57]} Nxb3+ {[%clk 00:12:34]} {[%emt 00:00:06]} 27. Kd1
{[%clk 00:11:07]} {[%emt 00:00:58]} Nxc1 {[%clk 00:12:57]} {[%emt 00:00:08]}
28. Kxc1 {[%clk 00:11:28]} {[%emt 00:00:09]} Ra1+ {[%clk 00:13:03]} {[%emt
00:00:24]} 29. Kb2 {[%clk 00:11:39]} {[%emt 00:00:19]} Rg1 {[%clk 00:11:40]}
{[%emt 00:01:53]} 30. Bxb5 {[%clk 00:11:49]} {[%emt 00:00:20]} Rxg2 {[%clk
00:12:05]} {[%emt 00:00:04]} 31. f5 {[%clk 00:12:01]} {[%emt 00:00:18]} Rxg4
{[%clk 00:12:29]} {[%emt 00:00:06]} 32. fxe6 {[%clk 00:12:24]} {[%emt
00:00:07]} Rb4+ {[%emt 00:00:19]} 0-1

[Event "DEM U10 2024"]
[Site "Willingen GER"]
[Date "2024.05.21"]
[Round "5"]
[White "Sauer, Ben"]
[Black "Pradeep, Harshill"]
[Result "0-1"]
[Termination "normal"]
[Board "2"]
[WhiteElo "1626"]
[BlackElo "1853"]
[WhiteClock "00:12:09"]
[BlackClock "01:00:10"]
[PlyCount "108"]
[WhiteFideId "34606866"]
[BlackFideId "34629513"]
[EventCountry "GER"]
[EventRounds "11"]
[EventType "swiss"]
[EventDate "2024.05.18"]

1. e4 {[%clk 01:15:57]} {[%emt 00:00:02]} e5 {[%clk 01:15:50]} {[%emt
00:00:11]} 2. Nf3 {[%clk 01:16:23]} {[%emt 00:00:05]} Nc6 {[%clk 01:16:13]}
{[%emt 00:00:06]} 3. Bc4 {[%clk 01:16:48]} {[%emt 00:00:05]} Nf6 {[%clk
01:16:37]} {[%emt 00:00:06]} 4. d3 {[%clk 01:17:06]} {[%emt 00:00:11]} h6
{[%clk 01:17:01]} {[%emt 00:00:07]} 5. O-O {[%clk 01:17:20]} {[%emt 00:00:16]}
d6 {[%clk 01:17:24]} {[%emt 00:00:07]} 6. c3 {[%clk 01:17:22]} {[%emt
00:00:28]} g5 {[%clk 01:17:28]} {[%emt 00:00:26]} 7. Ne1 {[%clk 01:05:17]}
{[%emt 00:12:35]} Bg7 {[%clk 01:16:37]} {[%emt 00:01:21]} 8. Nc2 {[%clk
01:04:23]} {[%emt 00:01:24]} Na5 {[%clk 01:16:05]} {[%emt 00:01:03]} 9. Ne3
{[%clk 00:55:29]} {[%emt 00:09:23]} Nxc4 {[%clk 01:16:11]} {[%emt 00:00:23]}
10. Nxc4 {[%clk 00:55:51]} {[%emt 00:00:09]} O-O {[%clk 01:15:40]} {[%emt
00:01:01]} 11. Re1 {[%clk 00:52:50]} {[%emt 00:03:31]} Be6 {[%clk 01:15:19]}
{[%emt 00:00:51]} 12. Ne3 {[%clk 00:48:03]} {[%emt 00:05:17]} d5 {[%clk
01:13:52]} {[%emt 00:01:57]} 13. exd5 {[%clk 00:46:53]} {[%emt 00:01:39]} Nxd5
{[%clk 01:14:05]} {[%emt 00:00:17]} 14. Nxd5 {[%clk 00:39:39]} {[%emt
00:07:45]} Qxd5 {[%clk 01:14:22]} {[%emt 00:00:12]} 15. Qe2 {[%clk 00:37:02]}
{[%emt 00:03:08]} Rad8 {[%clk 01:14:29]} {[%emt 00:00:23]} 16. Qe4 {[%clk
00:34:40]} {[%emt 00:02:52]} f5 {[%clk 01:10:19]} {[%emt 00:04:40]} 17. Qxd5
{[%clk 00:33:16]} {[%emt 00:01:53]} Rxd5 {[%clk 01:10:07]} {[%emt 00:00:42]}
18. Nd2 {[%clk 00:25:13]} {[%emt 00:08:33]} Rxd3 {[%clk 01:09:52]} {[%emt
00:00:45]} 19. Nb3 {[%clk 00:25:22]} {[%emt 00:00:22]} Rfd8 {[%clk 01:06:14]}
{[%emt 00:04:07]} 20. Be3 {[%clk 00:24:12]} {[%emt 00:01:40]} Bxb3 {[%clk
01:06:38]} {[%emt 00:00:07]} 21. axb3 {[%clk 00:24:33]} {[%emt 00:00:09]} a6
{[%clk 01:06:09]} {[%emt 00:00:59]} 22. f3 {[%clk 00:23:44]} {[%emt 00:01:19]}
f4 {[%clk 01:05:33]} {[%emt 00:01:06]} 23. Bc1 {[%clk 00:23:20]} {[%emt
00:00:53]} Bf6 {[%clk 01:04:28]} {[%emt 00:01:36]} 24. Kf1 {[%clk 00:22:49]}
{[%emt 00:01:01]} h5 {[%clk 01:04:15]} {[%emt 00:00:44]} 25. h3 {[%clk
00:20:44]} {[%emt 00:02:35]} g4 {[%clk 01:04:00]} {[%emt 00:00:45]} 26. Ke2
{[%clk 00:16:29]} {[%emt 00:04:44]} g3 {[%clk 01:02:08]} {[%emt 00:02:23]} 27.
Ra4 {[%clk 00:16:08]} {[%emt 00:00:51]} R8d6 {[%clk 01:01:06]} {[%emt
00:01:32]} 28. Rb4 {[%clk 00:15:31]} {[%emt 00:01:07]} b5 {[%clk 01:01:27]}
{[%emt 00:00:10]} 29. Re4 {[%clk 00:15:41]} {[%emt 00:00:19]} Kf7 {[%clk
01:01:32]} {[%emt 00:00:24]} 30. b4 {[%clk 00:15:35]} {[%emt 00:00:37]} Kg6
{[%clk 01:01:11]} {[%emt 00:00:50]} 31. Rf1 {[%clk 00:15:35]} {[%emt 00:00:30]}
Kf5 {[%clk 01:01:20]} {[%emt 00:00:22]} 32. Re1 {[%clk 00:15:39]} {[%emt
00:00:26]} c6 {[%clk 01:01:37]} {[%emt 00:00:13]} 33. Rf1 {[%clk 00:15:50]}
{[%emt 00:00:18]} R3d5 {[%clk 01:01:02]} {[%emt 00:01:06]} 34. Re1 {[%clk
00:15:54]} {[%emt 00:00:26]} Bd8 {[%clk 01:01:26]} {[%emt 00:00:06]} 35. Rf1
{[%clk 00:16:11]} {[%emt 00:00:13]} a5 {[%clk 01:00:54]} {[%emt 00:01:02]} 36.
bxa5 {[%clk 00:16:19]} {[%emt 00:00:22]} Bxa5 {[%clk 01:01:14]} {[%emt
00:00:10]} 37. Rg1 {[%clk 00:16:10]} {[%emt 00:00:39]} c5 {[%clk 01:00:19]}
{[%emt 00:01:25]} 38. Rf1 {[%clk 00:15:36]} {[%emt 00:01:04]} h4 {[%clk
01:00:02]} {[%emt 00:00:48]} 39. Rg1 {[%clk 00:15:56]} {[%emt 00:00:09]} c4
{[%clk 01:00:08]} {[%emt 00:00:25]} 40. Rh1 {[%clk 00:16:02]} {[%emt 00:00:24]}
Bb6 {[%clk 01:00:17]} {[%emt 00:00:22]} 41. Re1 {[%clk 00:16:13]} {[%emt
00:00:18]} Bf2 {[%clk 01:00:28]} {[%emt 00:00:18]} 42. Rf1 {[%clk 00:16:33]}
{[%emt 00:00:11]} Rd7 {[%clk 01:00:13]} {[%emt 00:00:45]} 43. Rh1 {[%clk
00:16:45]} {[%emt 00:00:17]} Be3 {[%clk 00:59:29]} {[%emt 00:01:14]} 44. Re1
{[%clk 00:14:37]} {[%emt 00:02:37]} Rd2+ {[%clk 00:58:02]} {[%emt 00:01:58]}
45. Kf1 {[%clk 00:11:31]} {[%emt 00:03:36]} Rf2+ {[%clk 00:58:14]} {[%emt
00:00:18]} 46. Kg1 {[%clk 00:11:56]} {[%emt 00:00:05]} Bxc1 {[%clk 00:57:58]}
{[%emt 00:00:46]} 47. Rxc1 {[%clk 00:11:25]} {[%emt 00:01:00]} Rdd2 {[%clk
00:58:20]} {[%emt 00:00:08]} 48. Rce1 {[%clk 00:11:30]} {[%emt 00:00:25]} Rxg2+
{[%clk 00:58:36]} {[%emt 00:00:14]} 49. Kh1 {[%clk 00:11:50]} {[%emt 00:00:10]}
Rh2+ {[%clk 00:58:50]} {[%emt 00:00:16]} 50. Kg1 {[%clk 00:12:13]} {[%emt
00:00:07]} Rd5 {[%clk 00:58:49]} {[%emt 00:00:31]} 51. Kf1 {[%clk 00:12:23]}
{[%emt 00:00:20]} Rxb2 {[%clk 00:59:12]} {[%emt 00:00:07]} 52. Kg1 {[%clk
00:12:24]} {[%emt 00:00:29]} Rc2 {[%clk 00:59:26]} {[%emt 00:00:17]} 53. Kf1
{[%clk 00:12:29]} {[%emt 00:00:25]} Rxc3 {[%clk 00:59:49]} {[%emt 00:00:07]}
54. Rb1 {[%clk 00:12:09]} {[%emt 00:00:50]} Rxf3+ {[%clk 01:00:10]} {[%emt
00:00:09]} 0-1

[Event "DEM U10 2024"]
[Site "Willingen GER"]
[Date "2024.05.21"]
[Round "5"]
[White "Müller, Konstantin"]
[Black "Chakhalov, Mikael"]
[Result "1/2-1/2"]
[Termination "normal"]
[Board "3"]
[WhiteElo "1851"]
[BlackElo "1747"]
[WhiteClock "00:06:36"]
[BlackClock "00:27:18"]
[PlyCount "62"]
[WhiteFideId "34661778"]
[BlackFideId "34644458"]
[EventCountry "GER"]
[EventRounds "11"]
[EventType "swiss"]
[EventDate "2024.05.18"]

1. e4 {[%clk 01:15:57]} {[%emt 00:00:02]} c5 {[%clk 01:15:53]} {[%emt
00:00:08]} 2. c3 {[%clk 01:16:24]} {[%emt 00:00:03]} d5 {[%clk 01:16:17]}
{[%emt 00:00:06]} 3. exd5 {[%clk 01:16:50]} {[%emt 00:00:04]} Qxd5 {[%clk
01:16:40]} {[%emt 00:00:06]} 4. d4 {[%clk 01:17:16]} {[%emt 00:00:05]} Nc6
{[%clk 01:16:59]} {[%emt 00:00:10]} 5. Nf3 {[%clk 01:17:43]} {[%emt 00:00:03]}
Nf6 {[%clk 01:17:19]} {[%emt 00:00:10]} 6. Be2 {[%clk 01:17:57]} {[%emt
00:00:16]} e6 {[%clk 01:17:36]} {[%emt 00:00:14]} 7. O-O {[%clk 01:18:13]}
{[%emt 00:00:14]} Be7 {[%clk 01:17:54]} {[%emt 00:00:12]} 8. Bf4 {[%clk
01:17:27]} {[%emt 00:01:16]} O-O {[%clk 01:18:06]} {[%emt 00:00:18]} 9. dxc5
{[%clk 01:17:27]} {[%emt 00:00:30]} Bxc5 {[%clk 01:18:15]} {[%emt 00:00:20]}
10. Qxd5 {[%clk 01:08:52]} {[%emt 00:09:05]} Nxd5 {[%clk 01:18:33]} {[%emt
00:00:12]} 11. Bd2 {[%clk 01:07:57]} {[%emt 00:01:26]} b6 {[%clk 01:17:53]}
{[%emt 00:01:10]} 12. c4 {[%clk 01:05:26]} {[%emt 00:03:01]} Nf6 {[%clk
01:15:16]} {[%emt 00:03:07]} 13. Nc3 {[%clk 01:03:39]} {[%emt 00:02:17]} Bb7
{[%clk 01:14:18]} {[%emt 00:01:28]} 14. Bg5 {[%clk 00:59:01]} {[%emt 00:05:08]}
Nd4 {[%clk 01:04:43]} {[%emt 00:10:05]} 15. Nxd4 {[%clk 00:36:55]} {[%emt
00:22:36]} Bxd4 {[%clk 01:04:55]} {[%emt 00:00:18]} 16. Be3 {[%clk 00:29:17]}
{[%emt 00:08:08]} Bxe3 {[%clk 01:04:34]} {[%emt 00:00:50]} 17. fxe3 {[%clk
00:29:42]} {[%emt 00:00:06]} Rfd8 {[%clk 01:03:17]} {[%emt 00:01:46]} 18. Rfd1
{[%clk 00:29:08]} {[%emt 00:01:04]} g6 {[%clk 01:02:28]} {[%emt 00:01:19]} 19.
Kf2 {[%clk 00:28:40]} {[%emt 00:00:58]} Kg7 {[%clk 00:59:49]} {[%emt 00:03:09]}
20. Bf3 {[%clk 00:28:42]} {[%emt 00:00:28]} Bxf3 {[%clk 00:59:26]} {[%emt
00:00:54]} 21. gxf3 {[%clk 00:29:06]} {[%emt 00:00:06]} Rac8 {[%clk 00:58:51]}
{[%emt 00:01:05]} 22. b3 {[%clk 00:25:12]} {[%emt 00:04:24]} a6 {[%clk
00:58:43]} {[%emt 00:00:37]} 23. Ke2 {[%clk 00:24:26]} {[%emt 00:01:16]} Rxd1
{[%clk 00:54:37]} {[%emt 00:04:37]} 24. Nxd1 {[%clk 00:22:14]} {[%emt
00:02:42]} Rc5 {[%clk 00:50:52]} {[%emt 00:04:14]} 25. Nf2 {[%clk 00:19:48]}
{[%emt 00:02:55]} Kf8 {[%clk 00:35:39]} {[%emt 00:15:43]} 26. a4 {[%clk
00:17:51]} {[%emt 00:02:27]} a5 {[%clk 00:33:57]} {[%emt 00:02:12]} 27. e4
{[%clk 00:16:35]} {[%emt 00:01:46]} Ke7 {[%clk 00:30:25]} {[%emt 00:04:01]} 28.
Ke3 {[%clk 00:16:05]} {[%emt 00:01:00]} Nd7 {[%clk 00:28:41]} {[%emt 00:02:14]}
29. Nd3 {[%clk 00:08:57]} {[%emt 00:07:38]} Rc7 {[%clk 00:27:54]} {[%emt
00:01:14]} 30. e5 {[%clk 00:06:51]} {[%emt 00:02:40]} Nc5 {[%clk 00:27:18]}
{[%emt 00:01:06]} 31. Nxc5 {[%clk 00:06:36]} {[%emt 00:00:45]} bxc5 {[%emt
00:03:59]} 1/2-1/2

[Event "DEM U10 2024"]
[Site "Willingen GER"]
[Date "2024.05.21"]
[Round "5"]
[White "Grimm, Jakob"]
[Black "Steinbrenner, Peter"]
[Result "0-1"]
[Termination "normal"]
[Board "4"]
[WhiteElo "1681"]
[BlackElo "1941"]
[WhiteClock "00:20:31"]
[BlackClock "00:02:54"]
[PlyCount "80"]
[WhiteFideId "34635645"]
[BlackFideId "34645535"]
[EventCountry "GER"]
[EventRounds "11"]
[EventType "swiss"]
[EventDate "2024.05.18"]

1. e4 {[%clk 01:15:59]} c5 {[%clk 01:15:49]} {[%emt 00:00:11]} 2. Nf3 {[%clk
01:16:26]} {[%emt 00:00:04]} d6 {[%clk 01:16:12]} {[%emt 00:00:06]} 3. d4
{[%clk 01:16:53]} {[%emt 00:00:03]} cxd4 {[%clk 01:16:21]} {[%emt 00:00:21]} 4.
Nxd4 {[%clk 01:17:21]} {[%emt 00:00:02]} Nf6 {[%clk 01:16:40]} {[%emt
00:00:10]} 5. Nc3 {[%clk 01:17:48]} {[%emt 00:00:04]} a6 {[%clk 01:16:57]}
{[%emt 00:00:11]} 6. Bc4 {[%clk 01:18:14]} {[%emt 00:00:07]} e6 {[%clk
01:17:15]} {[%emt 00:00:12]} 7. Bb3 {[%clk 01:18:41]} {[%emt 00:00:03]} Be7
{[%clk 01:17:15]} {[%emt 00:00:29]} 8. g4 {[%clk 01:18:45]} {[%emt 00:00:27]}
Nc6 {[%clk 01:04:52]} {[%emt 00:12:53]} 9. Ba4 {[%clk 01:15:12]} {[%emt
00:04:02]} Qc7 {[%clk 01:02:24]} {[%emt 00:02:58]} 10. Nxc6 {[%clk 01:12:58]}
{[%emt 00:02:44]} bxc6 {[%clk 01:02:16]} {[%emt 00:00:38]} 11. Qf3 {[%clk
01:10:29]} {[%emt 00:02:59]} Bb7 {[%clk 00:55:51]} {[%emt 00:06:55]} 12. Bd2
{[%clk 01:07:37]} {[%emt 00:03:22]} Nd7 {[%clk 00:49:24]} {[%emt 00:06:57]} 13.
O-O-O {[%clk 00:59:45]} {[%emt 00:08:22]} Nc5 {[%clk 00:42:00]} {[%emt
00:07:54]} 14. Bb3 {[%clk 00:58:47]} {[%emt 00:01:29]} a5 {[%clk 00:41:43]}
{[%emt 00:00:48]} 15. Na4 {[%clk 00:55:00]} {[%emt 00:04:14]} Nxb3+ {[%clk
00:39:34]} {[%emt 00:02:40]} 16. cxb3 {[%clk 00:53:36]} {[%emt 00:01:55]} d5
{[%clk 00:37:39]} {[%emt 00:02:25]} 17. Kb1 {[%clk 00:53:10]} {[%emt 00:00:55]}
d4 {[%clk 00:30:57]} {[%emt 00:07:12]} 18. Qd3 {[%clk 00:49:06]} {[%emt
00:04:34]} e5 {[%clk 00:29:43]} {[%emt 00:01:44]} 19. Rc1 {[%clk 00:46:57]}
{[%emt 00:02:40]} Ba6 {[%clk 00:24:03]} {[%emt 00:06:10]} 20. Qg3 {[%clk
00:45:12]} {[%emt 00:02:14]} O-O {[%clk 00:12:05]} {[%emt 00:12:28]} 21. f4
{[%clk 00:43:16]} {[%emt 00:02:27]} Bb4 {[%clk 00:08:57]} {[%emt 00:03:37]} 22.
Bxb4 {[%clk 00:42:28]} {[%emt 00:01:18]} exf4 {[%clk 00:07:45]} {[%emt
00:01:43]} 23. Qf2 {[%clk 00:40:43]} {[%emt 00:02:14]} axb4 {[%clk 00:08:00]}
{[%emt 00:00:15]} 24. Qxd4 {[%clk 00:40:57]} {[%emt 00:00:16]} Rfd8 {[%clk
00:04:38]} {[%emt 00:03:52]} 25. Qc5 {[%clk 00:38:00]} {[%emt 00:03:28]} Bd3+
{[%clk 00:04:10]} {[%emt 00:00:58]} 26. Ka1 {[%clk 00:38:19]} {[%emt 00:00:11]}
Bxe4 {[%clk 00:04:13]} {[%emt 00:00:27]} 27. Rhe1 {[%clk 00:38:30]} {[%emt
00:00:18]} Bg2 {[%clk 00:03:57]} {[%emt 00:00:46]} 28. Re7 {[%clk 00:38:32]}
{[%emt 00:00:29]} Qa5 {[%clk 00:03:37]} {[%emt 00:00:50]} 29. Qf2 {[%clk
00:36:19]} {[%emt 00:02:42]} f3 {[%clk 00:03:33]} {[%emt 00:00:34]} 30. Rce1
{[%clk 00:34:31]} {[%emt 00:02:18]} Qd5 {[%clk 00:03:17]} {[%emt 00:00:46]} 31.
Kb1 {[%clk 00:31:32]} {[%emt 00:03:29]} Qd3+ {[%clk 00:03:03]} {[%emt
00:00:44]} 32. Kc1 {[%clk 00:31:09]} {[%emt 00:00:53]} h6 {[%clk 00:02:43]}
{[%emt 00:00:49]} 33. R7e3 {[%clk 00:30:27]} {[%emt 00:01:12]} Qd4 {[%clk
00:02:00]} {[%emt 00:01:14]} 34. Qc2 {[%clk 00:22:18]} {[%emt 00:08:40]} Qf4
{[%clk 00:01:58]} {[%emt 00:00:31]} 35. Qf2 {[%clk 00:21:00]} {[%emt 00:01:48]}
Re8 {[%clk 00:01:58]} {[%emt 00:00:30]} 36. Kb1 {[%clk 00:21:00]} {[%emt
00:00:30]} Rxe3 {[%clk 00:02:20]} {[%emt 00:00:09]} 37. Rxe3 {[%clk 00:21:14]}
{[%emt 00:00:15]} Rd8 {[%clk 00:02:37]} {[%emt 00:00:13]} 38. Kc2 {[%clk
00:21:09]} {[%emt 00:00:36]} Qxg4 {[%clk 00:02:33]} {[%emt 00:00:33]} 39. Qe1
{[%clk 00:20:47]} {[%emt 00:00:51]} Qf5+ {[%clk 00:02:38]} {[%emt 00:00:26]}
40. Kc1 {[%clk 00:20:31]} {[%emt 00:00:46]} f2 {[%clk 00:02:54]} {[%emt
00:00:14]} 0-1

[Event "DEM U10 2024"]
[Site "Willingen GER"]
[Date "2024.05.21"]
[Round "5"]
[White "Aguike, Toshiya"]
[Black "Braren, Ove Neelis"]
[Result "1-0"]
[Termination "normal"]
[Board "5"]
[WhiteElo "1786"]
[BlackElo "1672"]
[WhiteClock "00:25:20"]
[BlackClock "00:05:30"]
[PlyCount "91"]
[WhiteFideId "34611347"]
[BlackFideId "34663770"]
[EventCountry "GER"]
[EventRounds "11"]
[EventType "swiss"]
[EventDate "2024.05.18"]

1. e4 {[%clk 01:15:57]} {[%emt 00:00:02]} e5 {[%clk 01:15:57]} {[%emt
00:00:04]} 2. Nf3 {[%clk 01:16:18]} {[%emt 00:00:07]} Nc6 {[%clk 01:16:24]}
{[%emt 00:00:05]} 3. Bc4 {[%clk 01:16:35]} {[%emt 00:00:12]} Nf6 {[%clk
01:16:49]} {[%emt 00:00:05]} 4. d3 {[%clk 01:16:49]} {[%emt 00:00:16]} Bc5
{[%clk 01:17:12]} {[%emt 00:00:07]} 5. c3 {[%clk 01:17:10]} {[%emt 00:00:10]}
a6 {[%clk 01:17:25]} {[%emt 00:00:17]} 6. Bb3 {[%clk 01:17:32]} {[%emt
00:00:08]} d6 {[%clk 01:17:37]} {[%emt 00:00:17]} 7. Nbd2 {[%clk 01:17:50]}
{[%emt 00:00:12]} h6 {[%clk 01:17:53]} {[%emt 00:00:13]} 8. h3 {[%clk
01:18:13]} {[%emt 00:00:08]} Ba7 {[%clk 01:18:16]} {[%emt 00:00:08]} 9. O-O
{[%clk 01:18:30]} {[%emt 00:00:13]} O-O {[%clk 01:14:40]} {[%emt 00:04:05]} 10.
Re1 {[%clk 01:18:39]} {[%emt 00:00:21]} Re8 {[%clk 01:14:07]} {[%emt 00:01:02]}
11. Nf1 {[%clk 01:17:30]} {[%emt 00:01:40]} Ne7 {[%clk 01:13:37]} {[%emt
00:00:59]} 12. d4 {[%clk 01:16:46]} {[%emt 00:01:16]} Ng6 {[%clk 01:10:19]}
{[%emt 00:03:47]} 13. d5 {[%clk 01:16:43]} {[%emt 00:00:33]} c5 {[%clk
00:51:29]} {[%emt 00:19:20]} 14. a4 {[%clk 01:13:05]} {[%emt 00:04:09]} Bd7
{[%clk 00:49:02]} {[%emt 00:02:57]} 15. c4 {[%clk 01:13:27]} {[%emt 00:00:08]}
b5 {[%clk 00:44:28]} {[%emt 00:05:03]} 16. Ng3 {[%clk 01:13:49]} {[%emt
00:00:09]} Qc7 {[%clk 00:42:02]} {[%emt 00:02:55]} 17. Bd2 {[%clk 01:08:38]}
{[%emt 00:05:41]} b4 {[%clk 00:36:37]} {[%emt 00:05:55]} 18. Bc2 {[%clk
01:08:14]} {[%emt 00:00:45]} Kf8 {[%clk 00:30:55]} {[%emt 00:06:20]} 19. b3
{[%clk 01:07:38]} {[%emt 00:01:07]} a5 {[%clk 00:30:30]} {[%emt 00:00:56]} 20.
Kh2 {[%clk 01:05:06]} {[%emt 00:03:01]} Reb8 {[%clk 00:25:00]} {[%emt
00:06:01]} 21. Ng1 {[%clk 01:04:15]} {[%emt 00:01:20]} Re8 {[%clk 00:19:55]}
{[%emt 00:05:36]} 22. Bc1 {[%clk 00:52:08]} {[%emt 00:12:36]} Bb6 {[%clk
00:18:40]} {[%emt 00:01:45]} 23. Qd3 {[%clk 00:51:43]} {[%emt 00:00:52]} Kg8
{[%clk 00:16:32]} {[%emt 00:02:41]} 24. Qf1 {[%clk 00:51:42]} {[%emt 00:00:31]}
Rad8 {[%clk 00:15:08]} {[%emt 00:01:54]} 25. Bd2 {[%clk 00:50:58]} {[%emt
00:01:11]} Kh7 {[%clk 00:15:14]} {[%emt 00:00:26]} 26. Rad1 {[%clk 00:50:39]}
{[%emt 00:00:50]} Bc8 {[%clk 00:15:09]} {[%emt 00:00:36]} 27. Bc1 {[%clk
00:50:03]} {[%emt 00:01:05]} Ng8 {[%clk 00:14:36]} {[%emt 00:01:03]} 28. f4
{[%clk 00:49:08]} {[%emt 00:01:26]} exf4 {[%clk 00:13:42]} {[%emt 00:01:24]}
29. Bxf4 {[%clk 00:49:14]} {[%emt 00:00:24]} Qe7 {[%clk 00:12:34]} {[%emt
00:01:38]} 30. e5 {[%clk 00:47:03]} {[%emt 00:02:40]} dxe5 {[%clk 00:11:12]}
{[%emt 00:01:50]} 31. Bxe5 {[%clk 00:45:17]} {[%emt 00:02:18]} Qf8 {[%clk
00:10:29]} {[%emt 00:01:13]} 32. Nh5 {[%clk 00:28:26]} {[%emt 00:17:20]} f6
{[%clk 00:08:14]} {[%emt 00:02:46]} 33. Nf4 {[%clk 00:26:55]} {[%emt 00:02:01]}
f5 {[%clk 00:07:03]} {[%emt 00:01:40]} 34. Nxg6 {[%clk 00:25:25]} {[%emt
00:02:01]} Kxg6 {[%clk 00:07:13]} {[%emt 00:00:20]} 35. g4 {[%clk 00:25:44]}
{[%emt 00:00:11]} Kh7 {[%clk 00:06:14]} {[%emt 00:01:30]} 36. gxf5 {[%clk
00:25:29]} {[%emt 00:00:44]} Kh8 {[%clk 00:05:50]} {[%emt 00:00:55]} 37. Rd2
{[%clk 00:22:56]} {[%emt 00:03:03]} Nf6 {[%clk 00:04:30]} {[%emt 00:01:48]} 38.
Nf3 {[%clk 00:22:55]} {[%emt 00:00:31]} Qf7 {[%clk 00:02:58]} {[%emt 00:02:03]}
39. Nh4 {[%clk 00:20:40]} {[%emt 00:02:45]} Qh5 {[%clk 00:01:43]} {[%emt
00:01:45]} 40. Ng6+ {[%clk 00:20:20]} {[%emt 00:00:50]} Kh7 {[%clk 00:00:38]}
{[%emt 00:01:35]} 41. Rg2 {[%clk 00:18:29]} {[%emt 00:02:21]} Bd7 {[%clk
00:12:30]} {[%emt 00:03:39]} 42. Nf4 {[%clk 00:31:19]} {[%emt 00:02:37]} Qh4
{[%clk 00:09:28]} {[%emt 00:03:34]} 43. Ne6 {[%clk 00:25:26]} {[%emt 00:06:23]}
Bxe6 {[%clk 00:08:46]} {[%emt 00:01:13]} 44. fxe6+ {[%clk 00:25:49]} {[%emt
00:00:06]} Kh8 {[%clk 00:08:57]} {[%emt 00:00:19]} 45. Qf5 {[%clk 00:26:02]}
{[%emt 00:00:16]} Qh5 {[%clk 00:05:30]} {[%emt 00:03:58]} 46. Qxf6 {[%clk
00:25:20]} {[%emt 00:01:12]} 1-0